[Event "Campinas IRT LCX 15th"]
[Site "Campinas"]
[Date "2009.07.26"]
[Round "4"]
[White "Martinez, Janine"]
[Black "Goncalves, Marcus Vinicius M"]
[Result "1-0"]
[WhiteElo "1952"]
[BlackElo "1813"]
[PlyCount "107"]
[EventDate "2008.07.24"]
[EventType "tourn"]
[EventRounds "11"]
[EventCountry "BRA"]
[SourceTitle "EXT 2022"]
[Source "ChessBase"]
[SourceDate "2021.10.06"]
[SourceVersion "1"]
[SourceVersionDate "2021.10.06"]
[SourceQuality "1"]

1. d4 Nf6 2. Nf3 g6 3. c4 Bg7 4. Nc3 d5 5. Bg5 Ne4 6. cxd5 Nxc3 7. bxc3 Qxd5 8. Qb3 Qxb3 9. axb3 c5 10. e3 Nc6 11. Bb5 Bd7 12. 0-0 cxd4 13. exd4 e6 14. Rfd1 0-0 15. c4 h6 16. Bf4 a6 17. Bxc6 Bxc6 18. Rac1 Rfd8 19. Ne5 a5 20. h4 a4 21. bxa4 Rxa4 22. Rd2 Rda8 23. Kh2 Ra2 24. Rcd1 R8a4 25. Rxa2 Rxa2 26. d5 Ba4 27. Rb1 exd5 28. cxd5 g5 29. hxg5 hxg5 30. Bg3 f5 31. f4 Rd2 32. Rxb7 Rxd5 33. Ng6 Rd2 34. Ne7+ Kf8 35. fxg5 Bd7 36. Ng6+ Kf7 37. Nh4 Rd5 38. Nxf5 Rxf5 39. Rxd7+ Kg6 40. Bh4 Be5+ 41. Kh3 Rf1 42. Re7 Bb8 43. Re6+ Kg7 44. Kg4 Rf4+ 45. Kh5 Rf1 46. Re7+ Kf8 47. Rb7 Be5 48. Kg6 Rh1 49. Bf2 Ke8 50. Bc5 Bh8 51. g4 Bc3 52. Be7 Rg1 53. Bf6 Bxf6 54. Kxf6 1-0